000 00265nam a22001217a 4500
999 _c166117
_d166117
082 _a
_b
100 _aVanaja K
245 _aThulna aur thulna/
_cby Vanaja K.
260 _aMathura:
_bJawahar Pustakalaya,
_c2001.
300 _a165p.
650 _a
942 _cBK